| 000 | 00595nam a2200205 a 4500 | ||
|---|---|---|---|
| 005 | 20140310183436.0 | ||
| 008 | 080130s19uu xx 00 eng d | ||
| 020 | _a9780071475990 | ||
| 050 |
_aHF 5438.25 _b.G778 2007 |
||
| 100 | _aGschwandtner, Gerhard | ||
| 245 |
_aGreat thoughts to sell : _bquotes to motivate you to success. / |
||
| 260 |
_aNew York : _bMcGraw-Hill, _c2007. |
||
| 300 |
_a224p.: _bill. ; _c19 cm. |
||
| 521 | _aBSBA | ||
| 650 | _aSelling. | ||
| 650 | _aEmployee motivation. | ||
| 650 |
_aSuccess _xQuotations _xMaxims, etc. |
||
| 942 |
_cBK _2lcc _kFOR |
||
| 999 |
_c22886 _d22886 |
||